书目信息 |
| 题名: |
伟大历程
|
|
| 作者: | ;中共中央国家机关工作委员会 编 | |
| 分册: | ||
| 出版信息: | 北京 人民出版社 2008.12 |
|
| 页数: | 774页 | |
| 开本: | 24cm | |
| 丛书名: | ||
| 单 册: | ||
| 中图分类: | D61 | |
| 科图分类: | ||
| 主题词: | 改革开放--成就--中国 | |
| 电子资源: | ||
| ISBN: | 978-7-01-007428-3 | |
| 000 | 00884nam0 2200217 450 | |
| 001 | 1157775937 | |
| 005 | 20111227153804.01 | |
| 010 | @a978-7-01-007428-3@dCNY85.00 | |
| 100 | @a20111227d2008 km y0chiy0120 ea | |
| 101 | 0 | @achi |
| 102 | @aCN@b110000 | |
| 105 | @az z 000yy | |
| 200 | 1 | @a伟大历程@Awei da li cheng@e中央国家机关改革开放30年回顾与展望@f中共中央国家机关工作委员会编@Fzhong gong zhong yang guo jia ji guan gong zuo wei yuan hui bian |
| 210 | @a北京@c人民出版社@d2008.12 | |
| 215 | @a774页@d24cm | |
| 517 | 1 | @a中央国家机关改革开放30年回顾与展望@Azhong yang guo jia ji guan gai ge kai fang 30 nian hui gu yu zhan wang |
| 606 | 0 | @a改革开放@x成就@y中国 |
| 690 | @aD61@v4 | |
| 711 | 02 | @a中共中央国家机关工作委员会@Azhong gong zhong yang guo jia ji guan gong zuo wei yuan hui@4编 |
| 801 | 0 | @aCN@b大连网信软件有限公司图书馆·11@c20111227 |
| 905 | @aZUCC@dD61@eZ546@f3 | |
| 伟大历程:中央国家机关改革开放30年回顾与展望/中共中央国家机关工作委员会编.-北京:人民出版社,2008.12 |
| 774页;24cm |
| ISBN 978-7-01-007428-3:CNY85.00 |
| ● |
| 相关链接 |
|
|
|
正题名:伟大历程
索取号:D61/Z546
 
预约/预借
| 序号 | 登录号 | 条形码 | 馆藏地/架位号 | 状态 | 备注 |
| 1 | 1180080 | 211800808 | 社科库509/509社科库 72排2列2层/ [索取号:D61/Z546] | 在馆 | |
| 2 | 1180081 | 211800817 | 法学院资料室/ [索取号:D61/Z546] | 在馆 | |
| 3 | 1180082 | 211800826 | 社科库509/509社科库 72排2列2层/ [索取号:D61/Z546] | 在馆 |